| 000 | 00478nam a2200169Ia 4500 | ||
|---|---|---|---|
| 003 | GCL | ||
| 008 | 140319s9999 xx 000 0 ara d | ||
| 040 |
_aGCL / _cGCL |
||
| 082 | 0 | 4 |
_aد _b050 _bم خ |
| 100 | 1 | _aريدرزدايجست | |
| 245 | 1 | 0 |
_aالمختار من مجلة ريدرزدايجيست / _cريدرزدايجست |
| 300 | _aمتعدد | ||
| 650 | 0 | 4 | _aدوريات |
| 650 | 0 | 4 | _aمقالات |
| 650 | 0 | 4 | _aالمقالات - مجموعات |
| 942 |
_2ddc _cBK |
||
| 999 |
_c27112 _d27112 |
||